Statistics for National Parks of the United States

Click here to take the quiz!

General Stats

  • This quiz has been taken 20 times
  • The average score is 6 of 15

Answer Stats

QuestionAnswer% Correct
Name the national park that includes the Grand Prismatic Spring?Yellowstone National Park
82%
Name the national park that includes Cadillac Mountain and Mount Desert Island?Acadia National Park
64%
Name the national park in the Pacific Northwest that shares its name with a peninsula?Olympic National Park
55%
Name the only national park in the Greater Antilles?Virgin Islands National Park
55%
Name the largest national park east of the Rockies?Everglades National Park
45%
Name the northernmost national park in the United States?Gates of the Arctic National Park
45%
Name the southernmost national park in the United States?National Park of American Samoa
45%
Name the largest national park in the United States?Wrangell-St. Elias National Park
45%
Name the national park that contains Half Dome?Yosemite National Park
45%
Name the most visited national park in the United States?Great Smoky Mountains National Park
36%
Name the largest national park in the contiguous United States?Death Valley National Park
27%
Which national park, named after a president, is located near the Little Missouri River?Theodore Roosevelt National Park
27%
Name the national park famous for its hoodoos, tall rocks protruding from the ground?Bryce Canyon National Park
18%
Name the national park that includes Wizard Island?Crater Lake National Park
18%
What is the newest national park in the United States?Indiana Dunes National Park
18%

Score Distribution

Percentile by Number Answered

Percent of People with Each Score

Your Score History

You have not taken this quiz